[Event "Titled Tuesday intern op 12th Dec Early"]
[Site "Chess.com INT"]
[Date "2023.12.12"]
[Round "3"]
[White "Deveci, Huseyin Said"]
[Black "Aggelis, Nikolaos"]
[Result "1-0"]
[WhiteElo "2184"]
[BlackElo "2285"]
[PlyCount "125"]
[EventDate "2023.12.12"]
[EventType "swiss (blitz)"]
[EventRounds "11"]
[EventCountry "USA"]
[SourceTitle "CB51_2023"]
[SourceDate "2023.12.20"]
[SourceVersion "1"]
[SourceVersionDate "2023.12.20"]
[SourceQuality "1"]

1. e4 c6 2. Nf3 d5 3. d3 dxe4 4. dxe4 Qxd1+ 5. Kxd1 f6 6. Nbd2 e5 7. Ne1 Bc5 8. Nd3 Bb6 9. f3 Be6 10. a4 a5 11. h4 Nd7 12. h5 Ne7 13. b3 0-0-0 14. Ba3 Rhe8 15. Be2 Bd4 16. Rb1 c5 17. Ke1 Nc6 18. Rd1 Kc7 19. Nb2 Nb4 20. Bxb4 axb4 21. Nbc4 Nb6 22. Nxb6 Kxb6 23. Nc4+ Kc6 24. Bd3 Ra8 25. Ke2 Reb8 26. Ne3 Ra5 27. g4 b5 28. axb5+ Rbxb5 29. Bxb5+ Kxb5 30. Nf5 Ra2 31. Nxd4+ exd4 32. Rd2 Kc6 33. Rg1 Bc8 34. f4 Ba6+ 35. Kf3 d3 36. Rc1 Rb2 37. Ke3 Kb6 38. cxd3 Rxb3 39. e5 fxe5 40. fxe5 Bb5 41. Ke4 c4 42. dxc4 Bc6+ 43. Kd4 Rg3 44. e6 Kc7 45. Ke5 Re3+ 46. Kf4 Re4+ 47. Kg3 Rxe6 48. Rf1 Re3+ 49. Kh4 Re4 50. Rf7+ Kb6 51. Rxg7 Rxc4 52. Rxh7 b3 53. Rb2 Bd5 54. Rxb3+ Kc5 55. Rc7+ Kd6 56. Rxc4 Bxc4 57. Rc3 Be6 58. g5 Ke5 59. h6 Bf5 60. Rc5+ Ke4 61. Rxf5 Kxf5 62. h7 Kg6 63. h8Q 1-0

[Event "Titled Tuesday intern op 12th Sep Late"]
[Site "Chess.com INT"]
[Date "2023.09.12"]
[Round "5"]
[White "Aggelis, Nikolaos"]
[Black "Melikhov, Evgeny V"]
[Result "0-1"]
[WhiteElo "2264"]
[BlackElo "2208"]
[PlyCount "52"]
[EventDate "2023.09.12"]
[EventType "swiss (blitz)"]
[EventRounds "11"]
[EventCountry "USA"]
[SourceTitle "EXT 2024"]
[Source "ChessBase"]
[SourceDate "2023.10.10"]
[SourceVersion "1"]
[SourceVersionDate "2023.10.10"]
[SourceQuality "1"]

1. d4 Nf6 2. c4 e6 3. Nc3 Bb4 4. e3 b6 5. Nge2 Ba6 6. a3 Bxc3+ 7. Nxc3 d5 8. b3 0-0 9. Be2 c5 10. dxc5 dxc4 11. Qxd8 Rxd8 12. cxb6 Nbd7 13. Bf3 cxb3 14. Bxa8 Rxa8 15. Bb2 axb6 16. 0-0-0 Nc5 17. Kb1 Bd3+ 18. Ka1 Bc2 19. Rd4 Kf8 20. f3 Ke7 21. e4 Nh5 22. g3 Nf6 23. Re1 Nfd7 24. Rb4 Nd3 25. Nd5+ exd5 26. exd5+ Nxe1 0-1

[Event "Titled Tuesday intern op 12th Sep Late"]
[Site "Chess.com INT"]
[Date "2023.09.12"]
[Round "1"]
[White "Zaksaite, Salomeja"]
[Black "Aggelis, Nikolaos"]
[Result "1/2-1/2"]
[WhiteElo "2217"]
[BlackElo "2264"]
[PlyCount "45"]
[EventDate "2023.09.12"]
[EventType "swiss (blitz)"]
[EventRounds "11"]
[EventCountry "USA"]
[SourceTitle "EXT 2024"]
[Source "ChessBase"]
[SourceDate "2023.10.10"]
[SourceVersion "1"]
[SourceVersionDate "2023.10.10"]
[SourceQuality "1"]

1. e4 c5 2. Nf3 e6 3. d4 cxd4 4. Nxd4 a6 5. Nc3 Qc7 6. Be3 Nf6 7. f3 b5 8. Qd2 Bb7 9. g4 b4 10. Nce2 d5 11. g5 Nfd7 12. exd5 Bxd5 13. Bg2 Be7 14. 0-0 0-0 15. Nf4 Bb7 16. Ndxe6 fxe6 17. Nxe6 Qd6 18. Qxd6 Bxd6 19. Rad1 Be7 20. Nxf8 Kxf8 21. f4 Bxg2 22. Kxg2 Ke8 23. f5 1/2-1/2

[Event "Titled Tuesday intern op 22nd Aug Early"]
[Site "Chess.com INT"]
[Date "2023.08.22"]
[Round "3"]
[White "Aggelis, Nikolaos"]
[Black "Ziatdinov, Raset"]
[Result "0-1"]
[WhiteElo "2264"]
[BlackElo "2081"]
[PlyCount "60"]
[EventDate "2023.08.22"]
[EventType "swiss (blitz)"]
[EventRounds "11"]
[EventCountry "USA"]
[SourceTitle "EXT 2024"]
[Source "ChessBase"]
[SourceDate "2023.10.10"]
[SourceVersion "1"]
[SourceVersionDate "2023.10.10"]
[SourceQuality "1"]

1. c4 Nf6 2. Nf3 g6 3. g3 Bg7 4. Bg2 0-0 5. 0-0 d6 6. b3 Nc6 7. Bb2 e5 8. e3 Nh5 9. d4 f5 10. dxe5 dxe5 11. Qd5+ Qxd5 12. cxd5 Nb4 13. Na3 e4 14. Bxg7 exf3 15. Bxf8 fxg2 16. Bxb4 gxf1Q+ 17. Kxf1 Nf6 18. Rd1 a5 19. Bc3 Ne4 20. Be5 c6 21. dxc6 bxc6 22. Rd8+ Kf7 23. Nc4 a4 24. Nb6 Ba6+ 25. Kg2 Rxd8 26. f3 axb3 27. axb3 Rd2+ 28. Kh3 Bf1+ 29. Kh4 g5+ 30. Kh5 Rxh2# 0-1

[Event "Titled Tuesday intern op 15th Aug Early"]
[Site "Chess.com INT"]
[Date "2023.08.15"]
[Round "6"]
[White "Aggelis, Nikolaos"]
[Black "Nathan, Nitish"]
[Result "1/2-1/2"]
[WhiteElo "2264"]
[BlackElo "2220"]
[PlyCount "134"]
[EventDate "2023.08.15"]
[EventType "swiss (blitz)"]
[EventRounds "11"]
[EventCountry "USA"]
[SourceTitle "EXT 2024"]
[Source "ChessBase"]
[SourceDate "2023.10.10"]
[SourceVersion "1"]
[SourceVersionDate "2023.10.10"]
[SourceQuality "1"]

1. c4 c6 2. Nf3 d5 3. cxd5 cxd5 4. d4 Nc6 5. Nc3 Nf6 6. Bf4 a6 7. h3 Bf5 8. Nh4 Bd7 9. e3 e6 10. Nf3 Bb4 11. Bd3 0-0 12. 0-0 Rc8 13. Rc1 Na5 14. Ne5 Be7 15. Qe2 b5 16. b3 Nc6 17. Nxc6 Bxc6 18. Rc2 Bb7 19. Nb1 Qd7 20. Rfc1 Rxc2 21. Rxc2 Rc8 22. Rxc8+ Qxc8 23. Qc2 Qxc2 24. Bxc2 Kf8 25. g4 h6 26. Bc7 Ke8 27. f4 Kd7 28. Ba5 Ne8 29. Kf2 Nd6 30. Nd2 Bh4+ 31. Ke2 f5 32. Nf3 Bf6 33. g5 hxg5 34. fxg5 Be7 35. Ne5+ Ke8 36. h4 Nf7 37. Ng6 Bd6 38. a4 Bc6 39. Bd3 bxa4 40. bxa4 Bxa4 41. Bxa6 e5 42. Bc8 Bd7 43. Bb7 Be6 44. dxe5 Nxe5 45. Nf4 Kf7 46. Bxd5 Bxd5 47. Nxd5 g6 48. Bc3 Ng4 49. Nf4 Bxf4 50. exf4 Kg8 51. Kd3 Kh7 52. Bd4 Nh2 53. Ke2 Ng4 54. Bg1 Kg8 55. Kd3 Kf7 56. Kd4 Ke6 57. Kc5 Ke7 58. Kd5 Kd7 59. Bc5 Nh2 60. Ke5 Ng4+ 61. Kd5 Nh2 62. Bf2 Ng4 63. Bg1 Ke7 64. Kc6 Ke6 65. Kc5 Ke7 66. Kd5 Kd7 67. Kc5 Ke7 1/2-1/2

[Event "Titled Tuesday intern op 15th Aug Early"]
[Site "Chess.com INT"]
[Date "2023.08.15"]
[Round "9"]
[White "Aggelis, Nikolaos"]
[Black "Sahakyan, Aleks"]
[Result "1/2-1/2"]
[WhiteElo "2264"]
[BlackElo "2243"]
[PlyCount "129"]
[EventDate "2023.08.15"]
[EventType "swiss (blitz)"]
[EventRounds "11"]
[EventCountry "USA"]
[SourceTitle "EXT 2024"]
[Source "ChessBase"]
[SourceDate "2023.10.10"]
[SourceVersion "1"]
[SourceVersionDate "2023.10.10"]
[SourceQuality "1"]

1. c4 c5 2. Nc3 g6 3. Nf3 Bg7 4. d4 cxd4 5. Nxd4 Nc6 6. Nxc6 dxc6 7. Qxd8+ Kxd8 8. Bd2 Be6 9. 0-0-0 Ke8 10. e4 Rd8 11. Be2 Bd4 12. f3 Nf6 13. Bh6 Rd7 14. Kc2 Kd8 15. Rd2 Kc8 16. Rhd1 Rhd8 17. b3 Be5 18. Rxd7 Rxd7 19. Rxd7 Nxd7 20. g3 a5 21. Be3 Kc7 22. f4 Bd6 23. e5 Bc5 24. Bxc5 Nxc5 25. Bd3 h5 26. Kd2 Kb6 27. Bc2 Kc7 28. Ke3 Na6 29. Ne4 Bf5 30. Bd1 Bxe4 31. Kxe4 Nc5+ 32. Kd4 Ne6+ 33. Ke4 Nc5+ 34. Kd4 Kb6 35. a3 Ne6+ 36. Ke4 Kc5 37. Kd3 b5 38. cxb5 cxb5 39. Kc3 b4+ 40. axb4+ axb4+ 41. Kd3 Nd4 42. Ke3 Nb5 43. Kd3 Nc7 44. Bf3 Ne6 45. Ke4 Nd4 46. Bd1 Nf5 47. Kd3 h4 48. g4 Nd4 49. Ke4 g5 50. f5 f6 51. exf6 exf6 52. h3 Nb5 53. Be2 Nd6+ 54. Ke3 Kd5 55. Bf3+ Ke5 56. Be2 Nb7 57. Bc4 Nc5 58. Bf7 Ne4 59. Bc4 Nc3 60. Bf7 Nd1+ 61. Ke2 Nc3+ 62. Ke3 Ne4 63. Bc4 Ng3 64. Bg8 Ne4 65. Bc4 1/2-1/2

[Event "Titled Tuesday intern op 01st Aug Early"]
[Site "Chess.com INT"]
[Date "2023.08.01"]
[Round "5"]
[White "Masruri, Rahman"]
[Black "Aggelis, Nikolaos"]
[Result "1-0"]
[WhiteElo "2299"]
[BlackElo "2264"]
[PlyCount "165"]
[EventDate "2023.08.01"]
[EventType "swiss (blitz)"]
[EventRounds "11"]
[EventCountry "USA"]
[SourceTitle "EXT 2024"]
[Source "ChessBase"]
[SourceDate "2023.10.10"]
[SourceVersion "1"]
[SourceVersionDate "2023.10.10"]
[SourceQuality "1"]

1. d4 f5 2. e4 fxe4 3. Nc3 Nf6 4. Bg5 e6 5. Nxe4 Be7 6. Bxf6 Bxf6 7. Nf3 0-0 8. Bd3 Nc6 9. c3 d5 10. Nxf6+ Qxf6 11. Qe2 Re8 12. Ne5 Nxe5 13. dxe5 Qh6 14. 0-0 Rf8 15. f4 Bd7 16. Qe3 b6 17. Rf3 g6 18. Raf1 Rf7 19. Rh3 Qf8 20. Rg3 Qc5 21. Qxc5 bxc5 22. b3 a5 23. h4 Rg7 24. c4 d4 25. Be4 Rb8 26. a4 Bc8 27. Kf2 Bb7 28. Bc2 Rf8 29. Ke2 Rgf7 30. Rg4 Kh8 31. g3 Bc6 32. Rf2 Rg7 33. Rh2 Kg8 34. h5 gxh5 35. Rxg7+ Kxg7 36. Rxh5 h6 37. Rh4 Be8 38. Rg4+ Kh8 39. Rh4 Kg7 40. Be4 Rg8 41. Kf3 Bg6 42. Rg4 Kf7 43. Bxg6+ Rxg6 44. Rh4 Kg7 45. Rh2 Kh7 46. g4 Kg7 47. f5 Rg5 48. Kf4 Kh7 49. fxe6 Kg7 50. e7 Kf7 51. Rxh6 Rg8 52. Rh7+ Ke8 53. Kf5 c6 54. Ke6 Rg6+ 55. Kf5 Rg8 56. g5 d3 57. Rh3 d2 58. Rd3 Kxe7 59. Rxd2 Rf8+ 60. Ke4 Rb8 61. Rd3 Kf7 62. Rf3+ Kg6 63. Rf6+ Kxg5 64. Rxc6 Rxb3 65. Rxc5 Rb4 66. Rxa5 Rxc4+ 67. Kd5 Rc1 68. Kd6 Kg6 69. e6 Kf6 70. e7 Re1 71. Ra7 Kf7 72. Kc5 Ke8 73. a5 Rc1+ 74. Kb5 Rb1+ 75. Ka6 Rb2 76. Rb7 Ra2 77. Kb6 Rb2+ 78. Ka7 Ra2 79. a6 Ra1 80. Kb6 Rb1+ 81. Kc7 Rc1+ 82. Kb8 Ra1 83. a7 1-0

[Event "Titled Tuesday intern op 01st Aug Early"]
[Site "Chess.com INT"]
[Date "2023.08.01"]
[Round "4"]
[White "Rodriguez Fontecha, Marcos"]
[Black "Aggelis, Nikolaos"]
[Result "0-1"]
[WhiteElo "2309"]
[BlackElo "2264"]
[PlyCount "88"]
[EventDate "2023.08.01"]
[EventType "swiss (blitz)"]
[EventRounds "11"]
[EventCountry "USA"]
[SourceTitle "EXT 2024"]
[Source "ChessBase"]
[SourceDate "2023.10.10"]
[SourceVersion "1"]
[SourceVersionDate "2023.10.10"]
[SourceQuality "1"]

1. e4 c6 2. d4 d5 3. Nc3 dxe4 4. Nxe4 Nf6 5. Nxf6+ exf6 6. c3 Bd6 7. Bd3 0-0 8. Qc2 h5 9. Ne2 Qc7 10. Be3 Re8 11. 0-0-0 Nd7 12. Ng3 Bf4 13. Rde1 Bxe3+ 14. fxe3 h4 15. Nf5 Nf8 16. Nxh4 a5 17. Kb1 a4 18. g4 a3 19. b3 c5 20. Nf5 Bd7 21. h4 b5 22. c4 bxc4 23. Bxc4 Rac8 24. g5 cxd4 25. gxf6 Bxf5 26. Qxf5 g6 27. Qg5 Qe5 28. Qh6 Qf5+ 29. Ka1 Qxf6 30. Ref1 Qg7 31. Qxg7+ Kxg7 32. Rxf7+ Kh6 33. exd4 Nh7 34. h5 gxh5 35. Kb1 Rf8 36. Re7 Rce8 37. Rhe1 Rxe7 38. Rxe7 h4 39. Be6 Ng5 40. Bd7 Rf1+ 41. Kc2 Rf2+ 42. Kc3 Rxa2 43. Re8 Ra1 44. Rh8+ Kg7 0-1

[Event "Titled Tuesday intern op 25th Jul Late"]
[Site "Chess.com INT"]
[Date "2023.07.25"]
[Round "8"]
[White "Aggelis, Nikolaos"]
[Black "Yeritsyan, Hayk"]
[Result "0-1"]
[WhiteElo "2264"]
[BlackElo "2181"]
[PlyCount "60"]
[EventDate "2023.07.25"]
[EventType "swiss (blitz)"]
[EventRounds "11"]
[EventCountry "USA"]
[SourceTitle "EXT 2024"]
[Source "ChessBase"]
[SourceDate "2023.10.10"]
[SourceVersion "1"]
[SourceVersionDate "2023.10.10"]
[SourceQuality "1"]

1. c4 c6 2. Nc3 d5 3. cxd5 cxd5 4. d4 Nc6 5. Nf3 Nf6 6. Bf4 Bf5 7. e3 e6 8. Bb5 Bb4 9. Ne5 0-0 10. 0-0 Nxe5 11. Bxe5 a6 12. Bd3 Bxd3 13. Qxd3 Bxc3 14. Qxc3 Ne4 15. Qd3 Qd7 16. f3 Nd6 17. Bxd6 Qxd6 18. Rfc1 Qb6 19. Rc2 Rac8 20. Rac1 Rxc2 21. Rxc2 Qa5 22. Kf2 Qxa2 23. Qa3 Qxa3 24. bxa3 g6 25. a4 b5 26. a5 Rb8 27. Rc6 b4 28. Rxa6 b3 29. Rb6 Rxb6 30. axb6 b2 0-1

[Event "Titled Tuesday intern op 18th Jul Early"]
[Site "Chess.com INT"]
[Date "2023.07.18"]
[Round "3"]
[White "Wagner, Dennis"]
[Black "Aggelis, Nikolaos"]
[Result "1-0"]
[WhiteElo "2598"]
[BlackElo "2264"]
[PlyCount "67"]
[EventDate "2023.07.18"]
[EventType "swiss (blitz)"]
[EventRounds "11"]
[EventCountry "USA"]
[SourceTitle "EXT 2024"]
[Source "ChessBase"]
[SourceDate "2023.10.10"]
[SourceVersion "1"]
[SourceVersionDate "2023.10.10"]
[SourceQuality "1"]

1. d4 f5 2. Nf3 Nf6 3. c4 g6 4. Nc3 Bg7 5. b4 0-0 6. e3 d6 7. Bb2 c6 8. Be2 Nbd7 9. Qb3 Kh8 10. c5 Qe8 11. 0-0 dxc5 12. bxc5 e5 13. Nxe5 Nxe5 14. dxe5 Qxe5 15. Nb5 Qe7 16. Nd6 Be6 17. Bc4 Bxc4 18. Qxc4 b5 19. Qe2 Ne4 20. Bxg7+ Qxg7 21. Rac1 Rad8 22. Rfd1 Nc3 23. Rxc3 Qxc3 24. Nf7+ Rxf7 25. Rxd8+ Kg7 26. h4 Rf8 27. Rd7+ Rf7 28. Rd6 Qxc5 29. Qb2+ Kh6 30. Qd2 Qe5 31. Rxc6 f4 32. Rc3 fxe3 33. Rxe3 Qf4 34. g3 1-0

[Event "Titled Tuesday intern op 11th Jul Early"]
[Site "Chess.com INT"]
[Date "2023.07.11"]
[Round "4"]
[White "Aggelis, Nikolaos"]
[Black "Henriquez Villagra, Cristobal"]
[Result "0-1"]
[WhiteElo "2264"]
[BlackElo "2618"]
[PlyCount "88"]
[EventDate "2023.07.11"]
[EventType "swiss (blitz)"]
[EventRounds "11"]
[EventCountry "USA"]
[SourceTitle "EXT 2024"]
[Source "ChessBase"]
[SourceDate "2023.10.10"]
[SourceVersion "1"]
[SourceVersionDate "2023.10.10"]
[SourceQuality "1"]

1. c4 d6 2. b3 e5 3. Bb2 Nd7 4. g3 f5 5. Bg2 Ngf6 6. e3 Be7 7. Ne2 0-0 8. Nbc3 a6 9. 0-0 Rb8 10. a4 c6 11. d3 a5 12. Ba3 Re8 13. b4 axb4 14. Bxb4 Nc5 15. d4 Na6 16. Ba3 e4 17. Rb1 Bf8 18. Qb3 Be6 19. d5 Bf7 20. Nd4 g6 21. Rfd1 Nc5 22. Qb6 cxd5 23. cxd5 Nd3 24. Bf1 Rc8 25. Qxd8 Rexd8 26. Ncb5 Bxd5 27. Bxd3 exd3 28. Rxd3 Be4 29. Rbd1 Bxd3 30. Rxd3 Ne4 31. Ne6 Re8 32. Nxf8 Rxf8 33. Nxd6 Rfd8 34. Rd4 Nxd6 35. Bxd6 Rc6 36. Be5 Rxd4 37. Bxd4 Ra6 38. Kf1 Rxa4 39. h4 Kf7 40. Ke2 Ke6 41. Kd3 Kd5 42. Kc3 b5 43. Kb3 Rc4 44. Bc3 Ke4 0-1

[Event "Titled Tuesday intern op 11th Jul Early"]
[Site "Chess.com INT"]
[Date "2023.07.11"]
[Round "5"]
[White "Aggelis, Nikolaos"]
[Black "Yurasova, Daria"]
[Result "1/2-1/2"]
[WhiteElo "2264"]
[BlackElo "2081"]
[PlyCount "74"]
[EventDate "2023.07.11"]
[EventType "swiss (blitz)"]
[EventRounds "11"]
[EventCountry "USA"]
[SourceTitle "EXT 2024"]
[Source "ChessBase"]
[SourceDate "2023.10.10"]
[SourceVersion "1"]
[SourceVersionDate "2023.10.10"]
[SourceQuality "1"]

1. c4 e5 2. g3 Nf6 3. Bg2 Be7 4. Nc3 0-0 5. e3 d6 6. Nge2 c6 7. 0-0 Be6 8. d3 d5 9. b3 Nbd7 10. Bb2 a5 11. cxd5 cxd5 12. d4 e4 13. Nf4 Qb6 14. Na4 Qa6 15. Rc1 Rac8 16. Nxe6 Qxe6 17. Qe2 h5 18. Qb5 h4 19. Qxb7 Rxc1 20. Rxc1 h3 21. Bf1 Qf5 22. Bc3 Ng4 23. Be1 Bg5 24. Bxh3 Ndf6 25. Rc2 Qh7 26. Bxg4 Nxg4 27. h4 Bxh4 28. gxh4 Qxh4 29. Qc7 Nxe3 30. fxe3 Qxe1+ 31. Kg2 Qxe3 32. Qc3 Qg5+ 33. Qg3 Qf6 34. Qe5 Qg6+ 35. Qg3 Qf6 36. Qe5 Qg6+ 37. Qg3 Qf6 1/2-1/2

[Event "Titled Tuesday intern op 11th Jul Late"]
[Site "Chess.com INT"]
[Date "2023.07.11"]
[Round "5"]
[White "Gao, Raymond"]
[Black "Aggelis, Nikolaos"]
[Result "1/2-1/2"]
[WhiteElo "1964"]
[BlackElo "2264"]
[PlyCount "95"]
[EventDate "2023.07.11"]
[EventType "swiss (blitz)"]
[EventRounds "11"]
[EventCountry "USA"]
[SourceTitle "EXT 2024"]
[Source "ChessBase"]
[SourceDate "2023.10.10"]
[SourceVersion "1"]
[SourceVersionDate "2023.10.10"]
[SourceQuality "1"]

1. e4 c6 2. Nf3 d5 3. exd5 cxd5 4. Ne5 Nd7 5. d4 Ngf6 6. Bd3 g6 7. 0-0 Bg7 8. Qe2 0-0 9. c3 a6 10. Nd2 Ne8 11. Ndf3 Nd6 12. Re1 Nf6 13. Bg5 h6 14. Bh4 Nf5 15. Bxf6 exf6 16. Ng4 h5 17. Ne3 Re8 18. Qd2 Bh6 19. Bxf5 Bxf5 20. Qd1 Bxe3 21. Rxe3 Rxe3 22. fxe3 Qe7 23. Qd2 Re8 24. Kf2 Be4 25. Qe2 Qc7 26. Kg1 Kg7 27. Rf1 b5 28. Nd2 f5 29. Nb3 Qc4 30. Qxc4 bxc4 31. Nc5 Rb8 32. Rf2 a5 33. Kf1 Rb5 34. Ke1 Rb8 35. g3 h4 36. gxh4 Rh8 37. Rf4 g5 38. hxg5 Rxh2 39. Nxe4 fxe4 40. Rf2 Rh1+ 41. Kd2 Kg6 42. Rf6+ Kg7 43. Rf5 Rh2+ 44. Kc1 Rh1+ 45. Kc2 Rh2+ 46. Kc1 Rh1+ 47. Kc2 Rh2+ 48. Kc1 1/2-1/2

[Event "Titled Tuesday intern op 11th Jul Late"]
[Site "Chess.com INT"]
[Date "2023.07.11"]
[Round "2"]
[White "Shimanov, Aleksandr"]
[Black "Aggelis, Nikolaos"]
[Result "1-0"]
[WhiteElo "2566"]
[BlackElo "2264"]
[PlyCount "49"]
[EventDate "2023.07.11"]
[EventType "swiss (blitz)"]
[EventRounds "11"]
[EventCountry "USA"]
[SourceTitle "EXT 2024"]
[Source "ChessBase"]
[SourceDate "2023.10.10"]
[SourceVersion "1"]
[SourceVersionDate "2023.10.10"]
[SourceQuality "1"]

1. Nf3 f5 2. d3 Nc6 3. d4 e6 4. c4 Nf6 5. a3 d5 6. Nc3 Be7 7. Bf4 Nh5 8. Bd2 0-0 9. g3 Kh8 10. Bg2 Nf6 11. 0-0 Ne4 12. Rc1 Nxd2 13. Qxd2 Na5 14. cxd5 Nb3 15. Qc2 Nxc1 16. dxe6 Bxe6 17. Rxc1 c6 18. e3 Qa5 19. Ne5 Rac8 20. h4 b6 21. Nxc6 Rxc6 22. Bxc6 f4 23. exf4 Qh5 24. Qe2 Qf7 25. Re1 1-0

[Event "Titled Tuesday intern op 04th Jul Late"]
[Site "Chess.com INT"]
[Date "2023.07.04"]
[Round "1"]
[White "Aggelis, Nikolaos"]
[Black "Bullen, Alex"]
[Result "0-1"]
[WhiteElo "2264"]
[BlackElo "2128"]
[PlyCount "46"]
[EventDate "2023.07.04"]
[EventType "swiss (blitz)"]
[EventRounds "11"]
[EventCountry "USA"]
[SourceTitle "EXT 2024"]
[Source "ChessBase"]
[SourceDate "2023.10.10"]
[SourceVersion "1"]
[SourceVersionDate "2023.10.10"]
[SourceQuality "1"]

1. e4 c5 2. Nc3 e6 3. f4 d5 4. Bb5+ Bd7 5. exd5 exd5 6. Qe2+ Be7 7. Nxd5 Bxb5 8. Qxb5+ Nc6 9. Nxe7 Qxe7+ 10. Ne2 Nf6 11. 0-0 a6 12. Qd3 Nb4 13. Qf3 Nxc2 14. Rb1 0-0 15. b3 Rad8 16. Ng3 Nd4 17. Qd3 Ng4 18. Bb2 Qh4 19. h3 Qxg3 20. Qxg3 Ne2+ 21. Kh1 Nxg3+ 22. Kg1 Nxf1 23. Rxf1 Nf6 0-1

[Event "Titled Tuesday intern op 04th Jul Early"]
[Site "Chess.com INT"]
[Date "2023.07.04"]
[Round "2"]
[White "Aggelis, Nikolaos"]
[Black "Henriquez Villagra, Cristobal"]
[Result "0-1"]
[WhiteElo "2264"]
[BlackElo "2618"]
[PlyCount "62"]
[EventDate "2023.07.04"]
[EventType "swiss (blitz)"]
[EventRounds "11"]
[EventCountry "USA"]
[SourceTitle "EXT 2024"]
[Source "ChessBase"]
[SourceDate "2023.10.10"]
[SourceVersion "1"]
[SourceVersionDate "2023.10.10"]
[SourceQuality "1"]

1. c4 d6 2. g3 e5 3. Bg2 Nd7 4. b3 f5 5. Bb2 Ngf6 6. d4 Be7 7. dxe5 dxe5 8. Nc3 c6 9. Nh3 0-0 10. 0-0 Nc5 11. Qxd8 Rxd8 12. Rfd1 Re8 13. Ng5 e4 14. h4 h6 15. Nh3 Be6 16. Nf4 Bf7 17. f3 exf3 18. exf3 a5 19. Rd2 a4 20. b4 a3 21. Bc1 Na4 22. Nxa4 Rxa4 23. Re2 Bxc4 24. Re3 Bxb4 25. Rxe8+ Nxe8 26. Be3 Nf6 27. Bf1 Bxf1 28. Kxf1 Bd6 29. Rd1 Bxf4 30. Bxf4 Nd5 31. Bd6 Ne3+ 0-1